[Event "Ch France (team) (nat.1) 2007/08"]
[Site "masterchessopen.com France"]
[Date "2008.03.16"]
[Round "9"]
[White "Mohandesi Shahin (IRI)"]
[Black "Bernard Christophe (FRA)"]
[Result "0-1"]
[WhiteElo "2330"]
[BlackElo "1694"]

1.d4 Nf6 2.c4 g6 3.Nc3 d5 4.Nf3 Bg7 5.Bg5 Ne4 6.Qc1 Nxg5 7.Qxg5 dxc4 8.e4 h6
9.Qg3 c5 10.O-O-O cxd4 11.Nb5 O-O 12.Nc7 Na6 13.Nxa8 Be6 14.Nd2 d3 15.f4 Qa5
16.f5 Qxa2 {#R} 0-1

[Event "Ch France (team) (nat.1) 2007/08"]
[Site "masterchessopen.com France"]
[Date "2008.03.16"]
[Round "9"]
[White "Salus Stephane (FRA)"]
[Black "Larrat Philippe (FRA)"]
[Result "1-0"]
[WhiteElo "2198"]
[BlackElo "2170"]

1.d4 Nf6 2.c4 g6 3.Nc3 d5 4.Nf3 Bg7 5.Bg5 Ne4 6.Bh4 Nxc3 7.bxc3 dxc4 8.Qa4+
Nd7 9.e3 O-O 10.Qxc4 c5 11.Rc1 b6 12.Be2 Bb7 13.O-O Qe8 14.Rfd1 e5 15.d5 h6
16.e4 f5 17.d6+ Kh7 18.exf5 gxf5 19.Be7 Rg8 20.Qe6 Be4 21.Bb5 Nf8 22.Qxg8+
Kxg8 23.Bxe8 Rxe8 24.d7 {#r} 1-0

[Event "Landesliga"]
[Site "masterchessopen.com Germany"]
[Round "8"]
[White "Hildebrand Gerald (GER)"]
[Black "Jonas Bernhard"]
[Result "0-1"]
[WhiteElo "2160"]
[BlackElo "2105"]

1.d4 Nf6 2.c4 g6 3.Nc3 d5 4.Nf3 Bg7 5.Bg5 Ne4 6.Bh4 Nxc3 7.bxc3 c5 8.e3 Nc6
9.Qb3 dxc4 10.Bxc4 O-O 11.Qa3 Qc7 12.Qxc5 b6 13.Qa3 Nxd4 14.Bxf7+ Rxf7 15.cxd4
Bb7 16.O-O h6 17.Bg3 Qd7 18.Rac1 Rxf3 19.Rc7 Rxg3 20.Rxd7 Rxg2+ 21.Kh1 Bf3
22.h4 Rxf2+ 23.Kg1 Rg2+ 24.Kh1 Rxa2+ 25.Rxf3 Rxa3 26.Rxe7 Rf8 27.Rg3 Rf6
28.Rg2 Bf8 {#R} 0-1

[Event "Ch Russia (juniors) (under 16)"]
[Site "masterchessopen.com Dagomys (Russia)"]
[Round "5"]
[White "Kushka Alena (RUS)"]
[Black "Gorozhankina Julia (RUS)"]
[Result "0-1"]
[WhiteElo "2123"]
[BlackElo "2104"]

1.d4 Nf6 2.c4 g6 3.Nc3 d5 4.Nf3 Bg7 5.Bg5 Ne4 6.Bh4 Nxc3 7.bxc3 c5 8.cxd5 cxd4
9.cxd4 Qxd5 10.e3 Nc6 11.Be2 e5 12.dxe5 Qa5+ 13.Qd2 Qxd2+ 14.Kxd2 Nxe5 15.Nd4
Nc6 16.Rhe1 Nxd4 17.exd4 O-O 18.Be7 Bxd4 19.Rac1 Bxf2 20.Rf1 Re8 21.Bg5 Bb6
22.Bc4 Bf5 23.Rxf5 gxf5 24.Rf1 Rac8 25.Bd3 Re5 26.Bf4 Ra5 27.Rf3 Rxa2+ 28.Kd1
Ra1+ {#R} 0-1

[Event "Tournament (Elo) (c)"]
[Site "masterchessopen.com Campinas (Brazil)"]
[Date "2008.04.06"]
[Round "3"]
[White "Name Gabriel (BRA)"]
[Black "Van Riemsdijk Dirk D (BRA)"]
[Result "0-1"]
[WhiteElo "2235"]
[BlackElo "2213"]

1.d4 Nf6 2.c4 g6 3.Nc3 d5 4.Nf3 Bg7 5.Bg5 Ne4 6.cxd5 Nxc3 7.bxc3 Qxd5 8.e3 Qa5
9.Qb3 Be6 10.Bc4 Bxc4 11.Qxc4 Nd7 12.O-O h6 13.Bh4 c6 14.Qb3 Qc7 15.Rab1 b6
16.Rfc1 Rc8 17.e4 O-O 18.e5 e6 19.Be7 Rfe8 {#R} 0-1

[Event "Ch France (team) (nat.1) 2007/08"]
[Site "masterchessopen.com France"]
[Date "2008.04.06"]
[Round "11"]
[White "Buffe Fabrice (FRA)"]
[Black "Lohou Stephane (FRA)"]
[Result "1-0"]
[WhiteElo "2158"]
[BlackElo "2132"]

1.d4 Nf6 2.c4 g6 3.Nc3 d5 4.Nf3 Bg7 5.Bg5 Ne4 6.cxd5 Nxg5 7.Nxg5 e6 8.Qd2 exd5
9.Qe3+ Kf8 10.Qf4 Bf6 11.h4 h6 12.Nf3 Kg7 13.O-O-O Be6 14.Kb1 c5 15.dxc5 Nc6
16.e4 Bxc3 17.bxc3 Qa5 18.exd5 Rhd8 19.Bc4 Qa4 20.Nd4 Bxd5 21.Bxd5 Rxd5
22.Ne6+ {#r} 1-0

[Event "Bayern Landesliga South 2007/08"]
[Site "masterchessopen.com Bayern (Germany)"]
[Date "2008.04.20"]
[Round "9"]
[White "Knitl Anton (GER)"]
[Black "Lang Marc (GER)"]
[Result "0-1"]
[WhiteElo "2197"]
[BlackElo "2316"]

1.d4 Nf6 2.Nf3 g6 3.c4 Bg7 4.Nc3 d5 5.Bg5 Ne4 6.Bh4 Nxc3 7.bxc3 dxc4 8.Qa4+ c6
9.Qxc4 Qa5 10.e3 Na6 11.Nd2 Be6 12.Qd3 Nc5 13.dxc5 Rd8 14.Qc2 Bxc3 15.Rd1 Bf5
16.e4 Bxe4 17.Qxe4 Bxd2+ 18.Ke2 O-O 19.g4 Qc3 20.Rg1 Rd4 21.Qxd4 Qxd4 22.Rxd2
Qe5+ 23.Kf3 Qxh2 24.Bg3 Qxg1 25.Rd1 Qh1+ 26.Ke3 Qh6+ {#R} 0-1

[Event "Ch Netherlands (juniors) (under 15) (g)"]
[Site "masterchessopen.com Venlo (Netherlands)"]
[Date "2008.04.28"]
[Round "1"]
[White "Snikkers Tabitha"]
[Black "Schut Lisa (NED)"]
[Result "0-1"]
[WhiteElo "1503"]
[BlackElo "2153"]

1.d4 Nf6 2.c4 g6 3.Nc3 d5 4.Nf3 Bg7 5.Bg5 Ne4 6.Nxe4 dxe4 7.Ng1 Qxd4 8.Qxd4
Bxd4 9.Rb1 Nc6 10.e3 Bc5 11.Ne2 Be6 12.Nc3 f5 13.a3 O-O-O 14.b4 Bd6 15.c5 Be5
16.Na4 Ba2 17.Rc1 Bb3 18.Nc3 Bxc3+ 19.Rxc3 Rd1+ 20.Ke2 Rhd8 {#R} 0-1

[Event "It (open)"]
[Site "masterchessopen.com Triesen (Liechtenstein)"]
[Date "2008.05.01"]
[Round "7"]
[White "Prakken Gerrit (NED)"]
[Black "Benes Petr (CZE)"]
[Result "0-1"]
[WhiteElo "2206"]
[BlackElo "2136"]

1.d4 Nf6 2.c4 g6 3.Nc3 d5 4.Nf3 Bg7 5.Bg5 Ne4 6.Bf4 Nxc3 7.bxc3 dxc4 8.Qa4+ c6
9.Qxc4 O-O 10.e3 Nd7 11.Be2 Nf6 12.O-O Bf5 13.Qb3 b5 14.Rac1 Ne4 15.Rfd1 Rb8
16.Qa3 Rb7 17.c4 b4 18.Qa6 Qb6 19.c5 Qxa6 20.Bxa6 Rd7 21.Ne5 Bxe5 22.dxe5 Rfd8
23.Rxd7 Rxd7 24.g4 Be6 25.Rc2 g5 26.f3 Rd2 {#R} 0-1

[Event "Tournament (Elo) (c)"]
[Site "masterchessopen.com Campinas (Brazil)"]
[Date "2008.05.02"]
[Round "10"]
[White "Name Gabriel (BRA)"]
[Black "Goncalves Marcus Vinicius M (BRA)"]
[Result "1-0"]
[WhiteElo "2235"]
[BlackElo "1807"]

1.d4 Nf6 2.c4 g6 3.Nc3 d5 4.Nf3 Bg7 5.Bg5 dxc4 6.e4 O-O 7.Bxc4 h6 8.Bf4 c6
9.Ne5 e6 10.Be2 Nbd7 11.Qd2 Kh7 12.O-O-O Nxe5 13.Bxe5 b5 14.Bf3 a5 15.Qf4 a4
16.Bd6 Re8 17.h4 h5 18.Kb1 Bh6 19.Qg3 Qb6 20.a3 Bf8 21.Bxf8 Rxf8 22.Qg5 Ng8
23.Na2 f5 24.Nb4 Bb7 25.e5 Rad8 26.Nd3 Rxd4 27.Nf4 Rxd1+ 28.Rxd1 {#r} 1-0

[Event "Ch Region (open)"]
[Site "masterchessopen.com Saratov (Russia)"]
[Date "2008.06.05"]
[Round "7"]
[White "Drogilov Alexander (RUS)"]
[Black "Upolovnev Vladimir (RUS)"]
[Result "1-0"]
[WhiteElo "2166"]
[BlackElo "1888"]

1.Nf3 Nf6 2.c4 g6 3.d4 Bg7 4.Nc3 d5 5.Bg5 c6 6.e3 O-O 7.Be2 Be6 8.Qb3 b6 9.O-O
Nbd7 10.Rfd1 Qc8 11.Rac1 Qb7 12.cxd5 Nxd5 13.Qa3 N7f6 14.Ba6 Qd7 15.Ne5 Qe8
16.Bb7 Nxc3 17.bxc3 Qb8 18.Bxc6 Qd6 19.Qxd6 exd6 20.Bxa8 Rxa8 21.Nc6 {#r} 1-0

[Event "It (open)"]
[Site "masterchessopen.com Athens (Greece)"]
[Date "2008.06.20"]
[Round "7"]
[White "Kosmas-Lekkas Dimitiros (GRE)"]
[Black "Sismanis Aggelos (GRE)"]
[Result "0-1"]
[WhiteElo "2094"]
[BlackElo "2189"]

1.d4 Nf6 2.c4 g6 3.Nc3 d5 4.Nf3 Bg7 5.Bg5 Ne4 6.Bh4 Nxc3 7.bxc3 dxc4 8.Qa4+
Qd7 9.Qxc4 b6 10.e3 Ba6 11.Qb3 Bxf1 12.Kxf1 O-O 13.Ke2 c5 14.dxc5 bxc5 15.Rhd1
Qc6 16.Rab1 Qa6+ 17.c4 Nc6 18.Qb5 Qxa2+ 19.Rd2 a6 20.Rxa2 axb5 21.Rxa8 Rxa8
22.cxb5 Nb4 23.Bg3 Na2 24.Kf1 Nc3 25.Rb2 Ra1+ 26.Ne1 Ne4 27.b6 Nxg3+ 28.hxg3
Bxb2 {#R} 0-1

[Event "It (open)"]
[Site "masterchessopen.com Pskov (Russia)"]
[Date "2008.06.29"]
[Round "9"]
[White "Sharankov Grigory (RUS)"]
[Black "Bulatov Mihail (RUS)"]
[Result "1-0"]
[WhiteElo "2192"]
[BlackElo "1928"]

1.d4 Nf6 2.c4 g6 3.Nc3 d5 4.Nf3 Bg7 5.Bg5 Ne4 6.Bh4 Nxc3 7.bxc3 c5 8.e3 O-O
9.cxd5 cxd4 10.cxd4 Qxd5 11.Bxe7 Re8 12.Bh4 Bg4 13.Be2 Bxf3 14.Bxf3 Qxd4
15.Qxd4 Bxd4 16.O-O-O Be5 17.Bxb7 Nc6 18.Bxa8 Rxa8 19.Bg3 Bg7 20.Rd7 Rc8
21.Rc7 Rxc7 22.Bxc7 Nb4 23.Kd2 Nd5 24.Bb8 a6 25.Rc1 {#r} 1-0

[Event "It (open)"]
[Site "masterchessopen.com Dortmund (Germany)"]
[Date "2008.07.01"]
[Round "3"]
[White "Lapidus Mark (EST)"]
[Black "Krueger Georg (GER)"]
[Result "1-0"]
[WhiteElo "1898"]
[BlackElo "1777"]

1.Nf3 Nf6 2.c4 g6 3.d4 Bg7 4.Nc3 d5 5.Bg5 Ne4 6.Bf4 Nxc3 7.bxc3 O-O 8.e3 c5
9.Be2 Qa5 10.Qd2 cxd4 11.cxd4 Qxd2+ 12.Nxd2 Nc6 13.Rb1 dxc4 14.Nxc4 Rd8 15.O-O
f6 16.Rfc1 e5 17.dxe5 fxe5 18.Bg5 Rf8 19.Nd6 Na5 20.Bf3 Bf6 21.Bxf6 Rxf6
22.Nxc8 {#r} 1-0

[Event "It (open)"]
[Site "masterchessopen.com La Massana (Andorra)"]
[Date "2008.07.21"]
[Round "3"]
[White "Marin Mihail (ROM)"]
[Black "Popilski Gil (ISR)"]
[Result "1-0"]
[WhiteElo "2556"]
[BlackElo "2394"]

1.d4 Nf6 2.c4 g6 3.Nc3 d5 4.Nf3 Bg7 5.Bg5 Ne4 6.Bh4 Nxc3 7.bxc3 c5 8.cxd5 Qxd5
9.e3 Nc6 10.Be2 O-O 11.O-O cxd4 12.cxd4 b6 13.Nd2 Bb7 14.Bf3 Qd7 15.Qa4 Rfd8
16.Qa3 Rac8 17.Ne4 Bf8 18.Rfd1 Na5 19.d5 Nc4 20.Qb3 Bg7 21.Rab1 Rc7 22.Bg3 Be5
23.Be2 Qf5 {#r} 1-0

[Event "It (open)"]
[Site "masterchessopen.com Pardubice (Czech Republic)"]
[Date "2008.07.21"]
[Round "4"]
[White "Pena Gomez Manuel (ESP)"]
[Black "Jansa Vlastimil (CZE)"]
[Result "1-0"]
[WhiteElo "2467"]
[BlackElo "2477"]

1.d4 Nf6 2.c4 g6 3.Nc3 d5 4.Nf3 Bg7 5.Bg5 dxc4 6.e3 Be6 7.Bxf6 Bxf6 8.Ne4 Bg7
9.Nc5 Bc8 10.Bxc4 O-O 11.h4 Nd7 12.Bxf7+ Rxf7 13.Ne6 Qe8 14.Nxc7 Qd8 15.Nxa8
Nf8 16.Ng5 Rf6 17.Rc1 h6 18.Qb3+ e6 19.Ne4 Rf7 20.Nd6 Qxd6 21.Rxc8 Bf6 22.Qc4
Bd8 23.Rh3 Kg7 24.Rf3 Rxf3 25.gxf3 Qd7 26.Nc7 a6 27.d5 b5 28.dxe6 {#r} 1-0

[Event "It (open)"]
[Site "masterchessopen.com Val Thorens (France)"]
[Date "2008.07.24"]
[Round "6"]
[White "Pucher Sebastien (FRA)"]
[Black "Vitoux Colomban (FRA)"]
[Result "0-1"]
[WhiteElo "2259"]
[BlackElo "2449"]

1.d4 Nf6 2.Nf3 g6 3.c4 Bg7 4.Nc3 d5 5.Bg5 Ne4 6.cxd5 Nxg5 7.Nxg5 c6 8.dxc6
Nxc6 9.e3 e5 10.d5 Qxg5 11.dxc6 bxc6 12.Qd6 Bd7 13.O-O-O Rd8 14.Ne4 Qe7 15.Qc7
O-O 16.Bc4 Qb4 17.Bxf7+ Kh8 18.f3 Rb8 19.Bb3 Bf5 20.Nc3 e4 21.Nxe4 Bxe4
22.fxe4 Qxe4 23.Rd7 Qxe3+ 24.Kb1 Qe4+ 25.Ka1 Qe2 26.Rb1 Rxb3 {#R} 0-1

[Event "It (open)"]
[Site "masterchessopen.com Mitilini (Greece)"]
[Date "2008.07.26"]
[Round "7"]
[White "Anev Asen (BUL)"]
[Black "Eleftheriou Georgios (GRE)"]
[Result "1-0"]
[WhiteElo "2100"]
[BlackElo "1808"]

1.d4 Nf6 2.c4 g6 3.Nc3 d5 4.Nf3 Bg7 5.Bg5 Ne4 6.cxd5 Nxc3 7.bxc3 Qxd5 8.e3 Bg4
9.Bh4 Bxf3 10.gxf3 e5 11.Bd3 Qa5 12.Qd2 exd4 13.cxd4 Qxd2+ 14.Kxd2 Nd7 15.Rhc1
c5 16.Rab1 cxd4 17.Rxb7 dxe3+ 18.fxe3 Ne5 19.Bb5+ Kf8 20.Rcc7 Nxf3+ 21.Ke2 Ne5
22.Bg3 h5 23.Bxe5 Bxe5 24.Rxf7+ Kg8 25.Bc4 Rc8 26.Rfc7+ {#r} 1-0

[Event "Ch Portugal (team)"]
[Site "masterchessopen.com Evora (Portugal)"]
[Date "2008.07.29"]
[Round "4"]
[White "Barata Pedro (POR)"]
[Black "Fernandes Antonio (POR)"]
[Result "1-0"]
[WhiteElo "2157"]
[BlackElo "2422"]

1.c4 Nf6 2.Nc3 d5 3.d4 g6 4.Nf3 Bg7 5.Bg5 Ne4 6.Bf4 c5 7.Nxd5 O-O 8.Bc7 Qd7
9.Be5 f6 10.Bf4 cxd4 11.Qxd4 f5 12.Qd3 Nc6 13.Rd1 e5 14.Bc1 Qf7 15.Qc2 Be6
16.e3 Rfc8 17.Qb3 Bf8 {#r} 1-0

[Event "Tournament (Elo) (a)"]
[Site "masterchessopen.com Budapest (Hungary)"]
[Date "2008.08.12"]
[Round "11"]
[White "Koczo Kristof (HUN)"]
[Black "Daamen Ferry (NED)"]
[Result "1-0"]
[WhiteElo "2231"]
[BlackElo "2043"]

1.d4 Nf6 2.c4 g6 3.Nc3 d5 4.Nf3 Bg7 5.Bg5 Ne4 6.Bh4 Nxc3 7.bxc3 dxc4 8.Qa4+ c6
9.Qxc4 Na6 10.e3 Qa5 11.Be2 Be6 12.Qd3 Nc5 13.Qc2 Bf5 14.Qb2 Nd3+ 15.Bxd3 Bxd3
16.Nd2 Qh5 17.Nf3 Qa5 18.Kd2 Ba6 19.Rhc1 Qf5 20.Qc2 Qg4 21.h3 Qe6 22.c4 {#r}
1-0

[Event "It (open) (seniors)"]
[Site "masterchessopen.com Polanica Zdroj (Poland)"]
[Date "2008.08.20"]
[Round "2"]
[White "Grabczynski Zdzislaw (POL)"]
[Black "Niecko Stanislaw (POL)"]
[Result "1-0"]
[WhiteElo "1794"]
[BlackElo "1871"]

1.d4 Nf6 2.c4 g6 3.Nc3 d5 4.Nf3 Bg7 5.Bg5 c6 6.e3 O-O 7.Be2 Bg4 8.c5 Nbd7 9.h3
Bxf3 10.Bxf3 e5 11.O-O exd4 12.exd4 Re8 13.Qd2 Qc8 14.Rfe1 Rxe1+ 15.Rxe1 Qf8
16.b4 Re8 17.a4 Rxe1+ 18.Qxe1 Qe8 19.Qd2 a6 20.b5 axb5 21.axb5 cxb5 22.Nxd5
Ne4 23.Qe3 f5 24.g4 Kf7 25.Nc7 Qc8 26.Nxb5 Nxg5 {#r} 1-0

[Event "Ch Germany (seniors) (team)"]
[Site "masterchessopen.com Berlin (Germany)"]
[Date "2008.09.06"]
[Round "7"]
[White "Dushatskiy Fedor (GER)"]
[Black "Potthammel Joerg (GER)"]
[Result "1-0"]
[WhiteElo "2193"]
[BlackElo "2061"]

1.d4 Nf6 2.Nf3 g6 3.c4 Bg7 4.Nc3 d5 5.Bg5 Ne4 6.Bh4 c5 7.e3 cxd4 8.exd4 Nxc3
9.bxc3 Qa5 10.Qb3 Be6 11.cxd5 Bxd5 12.Bb5+ Bc6 13.Bxc6+ Nxc6 14.O-O Qc7 15.Bg3
Qd7 16.d5 Na5 17.Qb4 Qxd5 18.Rad1 Qh5 19.c4 O-O 20.Rd5 {#r} 1-0

[Event "Ch Europe (juniors) (under 12)"]
[Site "masterchessopen.com Herceg Novi (Montenegro)"]
[Date "2008.09.15"]
[Round "1"]
[White "Vdovenko Vasyl (UKR)"]
[Black "Nikolov Mihail (BUL)"]
[Result "0-1"]
[WhiteElo "1617"]
[BlackElo "1804"]

1.d4 Nf6 2.Nf3 g6 3.c4 Bg7 4.Nc3 d5 5.Bg5 Ne4 6.cxd5 Nxg5 7.Nxg5 e6 8.Nf3 exd5
9.e3 a5 10.a3 O-O 11.b4 Re8 12.Bd3 Bf8 13.b5 Be6 14.O-O Nd7 15.Qb3 Nf6 16.Ne5
Bd6 17.f4 Bxe5 18.fxe5 Ng4 19.Be2 Nxe3 20.Rfc1 Nf5 21.Bf3 Nxd4 22.Qd1 Nxf3+
23.Qxf3 c6 24.bxc6 bxc6 25.Rab1 Qe7 26.Na4 Bf5 27.Rb6 Qxe5 {#R} 0-1

[Event "Ch Russia (seniors)"]
[Site "masterchessopen.com Odintsovo (Russia)"]
[Date "2008.10.02"]
[Round "1"]
[White "Arkhipov Vladimir (RUS)"]
[Black "Mishuchkov Nikolai M (RUS)"]
[Result "0-1"]
[WhiteElo "2139"]
[BlackElo "2359"]

1.c4 Nf6 2.d4 g6 3.Nc3 d5 4.Nf3 Bg7 5.Bg5 Ne4 6.e3 Nxg5 7.Nxg5 O-O 8.Nf3 dxc4
9.Bxc4 c5 10.d5 Qa5 11.Qb3 a6 12.O-O b5 13.Be2 c4 14.Qc2 Bb7 15.e4 Nd7 16.Rfd1
Rac8 17.Bf1 Rfd8 18.a3 Nc5 19.Rab1 e6 20.dxe6 fxe6 21.Rxd8+ Rxd8 22.Rd1 Rxd1
23.Qxd1 Qc7 24.Nd2 Bxc3 25.bxc3 Nxe4 26.Nxe4 Bxe4 27.Qd4 Bd5 28.Be2 Qd6 {#R}
0-1

[Event "Czech League 2008/09 (1st) West"]
[Site "masterchessopen.com Czech Republic"]
[Date "2008.10.19"]
[Round "1"]
[White "Rosko Lubos (CZE)"]
[Black "Kuba Jindrich (CZE)"]
[Result "1-0"]
[WhiteElo "2347"]
[BlackElo "2247"]

1.d4 Nf6 2.c4 g6 3.Nc3 d5 4.Nf3 Bg7 5.Bg5 c6 6.e3 O-O 7.Be2 a6 8.O-O e6 9.c5
Nbd7 10.Rc1 Re8 11.Ne5 h6 12.Bh4 Qc7 13.f4 Nxe5 14.fxe5 Nh7 15.Bd3 b5 16.cxb6
Qxb6 17.Rxf7 Kxf7 18.Bxg6+ Kg8 19.Na4 Qc7 20.Bxe8 Bd7 21.Bxd7 {#r} 1-0

[Event "It (open)"]
[Site "masterchessopen.com Obrenovac (Serbia)"]
[Date "2008.11.28"]
[Round "2"]
[White "Urosevic Marija (SRB)"]
[Black "Maric Sinisa (SRB)"]
[Result "1-0"]
[WhiteElo "2108"]
[BlackElo "1908"]

1.d4 Nf6 2.c4 g6 3.Nc3 d5 4.Nf3 Bg7 5.Bg5 Ne4 6.cxd5 Nxg5 7.Nxg5 e6 8.Qd2 exd5
9.Qe3+ Kf8 10.Qf4 Bf6 11.h4 Kg7 12.e4 dxe4 13.Bc4 Rf8 14.Ncxe4 h6 15.Nxf6 Re8+
16.Nxe8+ Qxe8+ 17.Qe4 {#r} 1-0

[Event "Czech League 2008/09 (2nd) (b)"]
[Site "masterchessopen.com Czech Republic"]
[Date "2008.12.07"]
[Round "4"]
[White "Skala Kamil (CZE)"]
[Black "Mikes Jan (CZE)"]
[Result "0-1"]
[WhiteElo "1931"]
[BlackElo "1815"]

1.d4 Nf6 2.Nf3 g6 3.c4 Bg7 4.Nc3 d5 5.Bg5 Ne4 6.Bh4 Nxc3 7.bxc3 c6 8.e3 Qa5
9.Qd2 Bf5 10.cxd5 cxd5 11.Bd3 Bxd3 12.Qxd3 Nd7 13.O-O Rc8 14.Rfc1 Bf6 15.Bxf6
Nxf6 16.c4 O-O 17.Nd2 Rfd8 18.Nb3 Qa3 19.c5 Rc6 20.Qb5 Rd7 21.Na5 a6 22.Nc4
Qxc1+ {#R} 0-1

[Event "Ch City (juniors) (under 18)"]
[Site "masterchessopen.com Madrid (Spain)"]
[Date "2009.01.04"]
[Round "8"]
[White "Nieto De La Cruz Julio (ESP)"]
[Black "Castejon Caballero Andres (ESP)"]
[Result "1-0"]
[WhiteElo "2132"]
[BlackElo "2184"]

1.d4 Nf6 2.c4 g6 3.Nc3 d5 4.Nf3 Bg7 5.Bg5 Ne4 6.cxd5 Nxg5 7.Nxg5 e6 8.Qd2 h6
9.Nh3 exd5 10.Qe3+ Kf8 11.Nf4 c6 12.g3 Bf6 13.Bg2 Kg7 14.O-O Qb6 15.Rfd1 Qxb2
16.Rab1 Qc2 17.Rdc1 Qf5 18.Bh3 Qg5 19.Bxc8 Rxc8 20.Rxb7 Kg8 21.Ncxd5 Na6
22.Nxf6+ Qxf6 23.Nd3 Re8 24.Ne5 c5 25.Qxh6 Rxe5 26.dxe5 Qxe5 27.Qd2 Re8 28.Qd7
{#r} 1-0

[Event "It (open)"]
[Site "masterchessopen.com Manizales (Colombia)"]
[Date "2009.01.08"]
[Round "1"]
[White "Palao Maricela (COL)"]
[Black "Badillo Julio Cesar"]
[Result "1-0"]
[WhiteElo "2176"]
[BlackElo "1732"]

1.d4 Nf6 2.c4 g6 3.Nc3 d5 4.Nf3 Bg7 5.Bg5 dxc4 6.e3 O-O 7.Bxc4 a6 8.O-O b5
9.Bb3 Bb7 10.Ne5 Ne4 11.Nxe4 Bxe4 12.Qg4 Bb7 13.Qf4 Bxe5 14.dxe5 Qe8 15.Bh6
Qc6 16.f3 e6 17.Qf6 {#r} 1-0

[Event "It (open)"]
[Site "masterchessopen.com Bad Woerishofen (Germany)"]
[Date "2009.03.10"]
[Round "6"]
[White "Straub Peter (GER)"]
[Black "Schuler Georg (GER)"]
[Result "1-0"]
[WhiteElo "2125"]
[BlackElo "1945"]

1.d4 Nf6 2.c4 g6 3.Nc3 d5 4.Nf3 Bg7 5.Bg5 c6 6.e3 O-O 7.Bd3 Nbd7 8.O-O Re8
9.cxd5 Nxd5 10.Nxd5 cxd5 11.Rc1 Nf6 12.Qb3 b6 13.Ne5 Bb7 14.f4 Rc8 15.f5 Rxc1
16.Rxc1 Ne4 17.Nxf7 Kxf7 18.Bxe4 gxf5 19.Bxf5 Bf6 20.Bxf6 Kxf6 21.Bxh7 Kg7
22.Bb1 Qd6 23.Qd1 Rh8 24.Qg4+ Kf7 25.Rf1+ Ke8 26.h3 Kd8 27.Qg7 {#r} 1-0

[Event "It (open)"]
[Site "masterchessopen.com Bartlesville (USA)"]
[Date "2009.03.14"]
[Round "3"]
[White "Braunlich Tom (USA)"]
[Black "Trammell George (USA)"]
[Result "1-0"]
[WhiteElo "2176"]
[BlackElo "2055"]

1.d4 Nf6 2.Nf3 g6 3.c4 Bg7 4.Nc3 d5 5.Bg5 Ne4 6.cxd5 Nxg5 7.Nxg5 c6 8.e3 e6
9.Nf3 exd5 10.Be2 O-O 11.b4 a5 12.b5 c5 13.Rc1 c4 14.O-O Re8 15.Ne5 Qd6
16.Nxd5 Be6 17.Nf4 c3 18.Nc4 Qd7 19.Nb6 Qd8 20.Nxa8 Nd7 21.Nxe6 fxe6 22.Rxc3
Qxa8 23.Rc7 {#r} 1-0

[Event "Ch Europe"]
[Site "masterchessopen.com Budva (Montenegro)"]
[Date "2009.03.16"]
[Round "10"]
[White "Chibukhchian Artur (ARM)"]
[Black "Pavlidis Antonios (GRE)"]
[Result "1-0"]
[WhiteElo "2477"]
[BlackElo "2360"]

1.c4 Nf6 2.Nc3 g6 3.Nf3 Bg7 4.d4 d5 5.Bg5 Ne4 6.cxd5 Nxg5 7.Nxg5 e6 8.Qd2 exd5
9.Qe3+ Kf8 10.Qf4 Bf6 11.Nf3 Kg7 12.O-O-O c6 13.g4 h6 14.h4 Be7 15.e4 dxe4
16.Bc4 Rf8 17.Nxe4 Nd7 18.d5 f5 19.Neg5 hxg5 20.hxg5 Rh8 21.Rxh8 Qxh8 22.Qd4+
Nf6 23.d6 Bd8 24.d7 Kf8 25.Qd6+ {#r} 1-0

[Event "It (open)"]
[Site "masterchessopen.com Metz (France)"]
[Date "2009.04.14"]
[Round "5"]
[White "Petkov Vladimir (BUL)"]
[Black "Pucher Sebastien (FRA)"]
[Result "0-1"]
[WhiteElo "2429"]
[BlackElo "2269"]

1.d4 Nf6 2.Nf3 g6 3.c4 Bg7 4.Nc3 d5 5.Bg5 Ne4 6.Bf4 Nxc3 7.bxc3 dxc4 8.e3 Be6
9.Rb1 Nd7 10.Ng5 Bd5 11.e4 h6 12.exd5 hxg5 13.Bxg5 Nb6 14.Bxc4 Nxc4 15.Qa4+
Qd7 16.Qxc4 Rh5 17.h4 O-O-O 18.Rb5 Bh6 19.Bxh6 Rxh6 20.f3 g5 21.h5 g4 22.Rc5
gxf3 23.gxf3 Rg8 24.Kf2 Qd6 25.Rh3 Qf4 26.Qd3 Qg5 27.d6 Qg1+ {#R} 0-1

[Event "Tournament (swiss)"]
[Site "masterchessopen.com Wisla (Poland)"]
[Date "2009.05.05"]
[Round "2"]
[White "Hodowany Wojciech (POL)"]
[Black "Pela Edward (POL)"]
[Result "0-1"]
[WhiteElo "1780"]
[BlackElo "1951"]

1.d4 Nf6 2.c4 g6 3.Nc3 d5 4.Nf3 Bg7 5.Bg5 Ne4 6.Bf4 Nxc3 7.bxc3 dxc4 8.Qa4+ c6
9.Qxc4 O-O 10.e4 Qa5 11.Qb4 Qxb4 12.cxb4 a5 13.b5 c5 14.e5 cxd4 15.Nxd4 g5
16.Bg3 Nd7 17.Nf5 Bxe5 18.Nxe7+ Kh8 19.Bxe5+ Nxe5 20.Nxc8 Raxc8 21.Be2 Rc2
22.Kd1 Rb2 23.Rc1 Rd8+ {#R} 0-1

[Event "It (open)"]
[Site "masterchessopen.com Klatovy (Czech Republic)"]
[Round "0"]
[White "Dvorak Jan (CZE)"]
[Black "Sterba Karel (CZE)"]
[Result "1-0"]
[WhiteElo "2179"]
[BlackElo "1882"]

1.d4 Nf6 2.Nf3 g6 3.c4 Bg7 4.Nc3 d5 5.Bg5 Ne4 6.cxd5 Nxc3 7.bxc3 Qxd5 8.e3 Bg4
9.Be2 c5 10.O-O Nc6 11.Bf4 O-O 12.h3 Bxf3 13.Bxf3 Qd7 14.Rb1 cxd4 15.cxd4 Rac8
16.Qa4 b6 17.Rfc1 Ne5 18.Qxd7 Nxd7 19.Bc7 Nb8 20.Bb7 Rce8 21.Rb3 f5 22.Ra3 a5
23.Bxb6 Rf6 24.Bc7 Bh6 25.Rb1 f4 26.Bxb8 {#r} 1-0

[Event "It (open)"]
[Site "masterchessopen.com Gdansk (Poland)"]
[Date "2009.07.20"]
[Round "3"]
[White "Cherepov Alexej (BLR)"]
[Black "Brodowski Piotr (POL)"]
[Result "0-1"]
[WhiteElo "2209"]
[BlackElo "2397"]

1.d4 Nf6 2.c4 g6 3.Nc3 d5 4.Nf3 Bg7 5.Bg5 Ne4 6.cxd5 Nxg5 7.Nxg5 e6 8.Qa4+ Bd7
9.Qb3 Qxg5 10.Qxb7 O-O 11.e3 c5 12.Qxa8 cxd4 13.Ne4 Qe5 14.Bd3 exd5 15.Nc5
dxe3 16.O-O exf2+ 17.Rxf2 Qd4 18.Qxa7 Bh6 19.Kf1 Be3 20.Rc2 Qf4+ 21.Ke1 Re8
22.Re2 Qb4+ {#R} 0-1

[Event "It (open)"]
[Site "masterchessopen.com Pardubice (Czech Republic)"]
[Date "2009.07.26"]
[Round "3"]
[White "Gutman Gennadi (UKR)"]
[Black "Wagener Claude (LUX)"]
[Result "1-0"]
[WhiteElo "2508"]
[BlackElo "2276"]

1.d4 Nf6 2.Nf3 g6 3.c4 Bg7 4.Nc3 d5 5.Bg5 dxc4 6.e4 c5 7.d5 b5 8.e5 b4 9.exf6
exf6 10.Qe2+ Qe7 11.Qxe7+ Kxe7 12.Be3 bxc3 13.Bxc5+ Kd8 14.bxc3 Nd7 15.Be3 Ba6
16.Nd4 Nb6 17.Be2 Re8 18.Kd2 f5 19.Bf3 Kd7 20.Nc6 Bb7 21.Rab1 Bxc6 22.dxc6+
Kc7 23.Kc2 Bf8 24.a4 Reb8 25.a5 Na4 26.Bf4+ Bd6 27.Bxd6+ Kxd6 28.Rhd1+ {#r}
1-0